000 00397nam a22001337a 4500
005 20180821124712.0
020 _a817000344X
_c425.00
035 _aB-92512, B-092511, B-092514
037 _aDPL
_bENG
245 _aResearch in Library and Information science /
260 _aNew Delhi
_bEss Ess Publications
_c2002
300 _aii, 216p.
_c18 cms.
942 _2ddc
_cEN
_h020.72
_mRES
999 _c63264
_d63264